000 00333nam a22001217a 4500
020 _a9788131419861
082 _a630.
_bPRA/TH
100 _aPrabhakaran, Nair
_91303
245 _aThe Agronomy and The Economy of Cardamom : The Queen of Spices
260 _aAgarthala
_bThe Icfai University Press
_c2008
300 _a412
942 _cBBS
999 _c14738
_d14738